Krenner Miklós és Márki Sándor levelezéséből. {Din corespondena lui Krenner Miklós i Márki Sándor}

Elmentve itt :
Bibliográfiai részletek
Szerző: KOVÁCH Géza
Adatforrás:Meister
Forrásdokumentuma:Művelődés. -
10 sz., 1995, 7-8 p.
Nyelv:magyar
Kulcsszavak:művelődéstörténet
levelezés
KRENNER Miklós (Spectator)
MÁRKI Sándor
Kölcsey Egyesület (Arad)
LEADER 00554nab a2200169 i 4500
001 bibPRO00001108
008 060524s1995 xx hun
040 |a Sz1 
041 |a hun 
100 1 |a KOVÁCH Géza 
245 1 0 |a Krenner Miklós és Márki Sándor levelezéséből. {Din corespondena lui Krenner Miklós i Márki Sándor}  |c KOVÁCH Géza 
695 |a művelődéstörténet 
695 |a levelezés 
695 |a KRENNER Miklós (Spectator) 
695 |a MÁRKI Sándor 
695 |a Kölcsey Egyesület (Arad) 
773 0 |t Művelődés. -  |g 10 sz., 1995, 7-8 p.